CCE Social Work-X (Record no. 3321)
[ view plain ]
| 000 -LEADER | |
|---|---|
| fixed length control field | 00224nam a22000857a 4500 |
| 008 - FIXED-LENGTH DATA ELEMENTS--GENERAL INFORMATION | |
| fixed length control field | 160920b xxu||||| |||| 00| 0 eng d |
| 100 ## - MAIN ENTRY--PERSONAL NAME | |
| 9 (RLIN) | 664 |
| Personal name | Bala.R. |
| 245 ## - TITLE STATEMENT | |
| Title | CCE Social Work-X |
| 260 ## - PUBLICATION, DISTRIBUTION, ETC. (IMPRINT) | |
| Place of publication, distribution, etc. | New Delhi |
| Name of publisher, distributor, etc. | S. Chand Publications |
| Date of publication, distribution, etc. | 2011 |
| Withdrawn status | Lost status | Source of classification or shelving scheme | Damaged status | Koha normalized classification for sorting | Not for loan | Home library | Current library | Shelving location | Date acquired | Total Checkouts | Full call number | Barcode | Date last seen | Date last checked out | Price effective from | Koha item type |
|---|---|---|---|---|---|---|---|---|---|---|---|---|---|---|---|---|
| Dewey Decimal Classification | 300_000000000000000 | Good Samaritan School Library | Good Samaritan School Library | Social Science | 09/20/2016 | 3 | 300 | BAL9849 | 11/28/2019 | 11/26/2019 | 09/20/2016 | BOOK |